Country Comparison - Georgia or Armenia - Statistics

General Stats
  • This quiz has been taken 27 times
  • The average score is 12 of 15
Answer Stats
Question Answer % Correct
Which country has a higher population? Georgia
100%
Which country has a greater land area? Georgia
100%
Which country borders the Russian Federation? Georgia
100%
Which country borders the Nackchivan Autonomous Republic, of which lies in Azerbaijan? Armenia
86%
Which country's capital is named 'Yerevan'? Armenia
86%
Which country's flag is a horizontal tricolor with the colors: blue, red, and orange? (in no specific order.) Armenia
86%
Which country used to be a part of the USSR? (Union of Soviet Socialist Republics, Soviet Union) Both
86%
Which country borders Azerbaijan? Both
86%
Which country is in NATO? Neither
86%
Which country has nuclear weapons? Neither
86%
Which country has red in its flag? Both
71%
Which country has the Bridge of Peace in its capital city? Georgia
71%
Which country has a total population of about 2,966,754 as of October 2024? Armenia
57%
Which country made its debut in the UEFA European Championship 2024? Georgia
57%
Which country is in the CSTO? Armenia
43%
No matching quizzes found
Score Distribution
Percent of People with Each Score
Percentile by Number Answered
Your Score History
You have not taken this quiz